000 00818nam a2200229 i 4500
001 bg
100 1 _aMANEK, Anna Maria
245 1 0 _aUwarunkowania reakcji na utratę pracy :
_bbadania mężczyzn w średnim wieku /
_cAnna Maria Manek.
260 _aLublin :
_bWydawnictwa Uczelniane PL,
_c1993.
300 _a106 s. ;
_c24 cm.
490 1 _aPrace Naukowe Politechniki Lubelskiej. Organizacja i Zarządzanie ;
_v36
500 _aNumeracja ser. gł. : 234.
504 _aBibliogr. s. 97-104.
650 9 _aPraca
_xpsychologia
_xbadanie
650 9 _aBezrobocie
_xpsychologia
_xbadanie
830 0 _aPrace Naukowe Politechniki Lubelskiej.
_pOrganizacja i Zarządzanie ;
_v36
040 _cBPK
041 0 _apl
080 _a331.101:159.9:331.56]-057.19
942 _cKS
008 s pl f |000 0 pol
999 _c30285
_d30285
856 _uhttp://koha.tu.koszalin.pl/cgi-bin/koha/opac-detail.pl?biblionumber=30285
_yKatalog online BPK